00267nam a2200097 a 450000500170000000800410001705000170005824500160007526000550009144000230014620140414131916.0101019s19uu xx 00 eng d aERbIl1 1992 aI love you. aNashville, Tennessee :bThe clever factory,c2002. aValues and lessons